Online
Catalog

Aspectos de la diplomacia pontificia : (Record no. 27940)

MARC details
000 -CABECERA
campo de control de longitud fija 00683nam a2200181 a 4500
001 - NÚMERO DE CONTROL
campo de control 000028448
005 - FECHA Y HORA DE LA ÚLTIMA TRANSACCIÓN
campo de control 20200930054941.0
008 - DATOS DE LONGITUD FIJA--INFORMACIÓN GENERAL
campo de control de longitud fija 110408s1997 dr 000 0 spa d
040 ## - FUENTE DE LA CATALOGACIÓN
Centro catalogador/agencia de origen DO-SdBNP
Lengua de catalogación spa
Centro/agencia transcriptor BNPHU
082 ## - NÚMERO DE LA CLASIFICACIÓN DECIMAL DEWEY
Número de clasificación xxx
Número de documento/Ítem A838d
049 ## - FONDOS LOCALES (OCLC)
Fondos de biblioteca BNPD
111 1# - ENTRADA PRINCIPAL--NOMBRE DE CONGRESO/REUNIÓN
Nombre de congreso/reunión o jurisdicción como elemento de entrada Conferencia de aspectos de la diplomacia pontificia
Fecha del congreso/reunión 1997 ene. 22 :
Sede del congreso/Lugar de la reunión Santo Domigo)
9 (RLIN) 55396
245 10 - MENCIÓN DE TÍTULO
Título Aspectos de la diplomacia pontificia :
Resto del título S. E. R. Mons. Francisco Bacqué Nuncio Apostólico de S. S. Juan Pablo II en la República Dominicana.
260 ## - PUBLICACIÓN, DISTRIBUCIÓN, ETC.
Lugar de publicación, distribución, etc. Santo Domingo :
Nombre del editor, distribuidor, etc. Ediciones Alandar, UCSD,
Fecha de publicación, distribución, etc. 1997.
Fabricante Editora Búho
300 ## - DESCRIPCIÓN FÍSICA
Extensión 22 P. ;
Dimensiones 21 cm.
490 1# - MENCIÓN DE SERIE
Mención de serie Humus
Designación de volumen o secuencia 15
830 #0 - PUNTO DE ACCESO ADICIONAL DE SERIE-TÍTULO UNIFORME
Título uniforme Humus ;
Designación de volumen o secuencia 15
9 (RLIN) 55397
Holdings
Estado de retiro Estado de pérdida Restricciones de uso No para préstamo Código de colección Localización permanente Ubicación/localización actual Ubicación en estantería Fecha de adquisición Número de inventario Total de préstamos Signatura topográfica completa Código de barras Fecha visto por última vez Precio válido a partir de Tipo de ítem Koha
        Patrimonio Dominicano Patrimonio Dominicano Patrimonio Dominicano En catalogación 08.04.2011 LF1   xxx A838d 28448-10 25.06.2020 25.06.2020 Libro y Folleto Colección Patrimonio Dominicano

Powered by Koha